| 000 | 00493nam a22001817a 4500 | ||
|---|---|---|---|
| 005 | 20251108174816.0 | ||
| 008 | 250721s2004 xx 000 0 eng d | ||
| 082 | 1 | 4 | _aJ/372.21/LIV |
| 245 | 1 | 2 | _aA Lively introduction to basic concepts A B C / |
| 264 |
_bNEW DRWN PRESS GROUP, _c2004. |
||
| 300 | _a(26P.) | ||
| 650 | 1 | 7 | _aCHILDREN |
| 650 | 1 | 7 | _aLEARNING |
| 650 | 1 | 7 | _aREADING |
| 653 | _aأطفال ما قبل المدرسة (0-5) سنوات | ||
| 942 |
_2ddc _cBK |
||
| 999 |
_c118628 _d118628 |
||